Statistiques concernant Retrouve le rappeur

Cliquez ici pour prendre le quiz!

Statistiques générales

  • Ce quiz a été pris 171 fois
  • Le résultat moyen est 7 sur 13

Statistiques - réponses

parolesrappeur% Correct
J'suis dans l'block, block, dix eu' cachés dans l'froc, froc On bosse au black, black, on fait des sous dans l'bât', bâtGambi
81%
J'crame une gainz au milieu d'Etosha J'fais le tour de la plaine avec Epona Tu l'as tant rêvé j'ai pas fini clochardPNL
72%
Et deux billets de 500 brisent une amitié parce que ton ami veut plus que la moitiéNinho
71%
Tu viens à Sevran tu t’fais agresser, qui t’a invité ? Chez nous c’est Sevran RGT, la cité à éviterKalash Criminel
70%
J'perds la raison à cause de mes torts C'est ça qu'ça fait d'toujours bosser la nuitDamso
64%
Si les Hommes se tirent dessus, c'est qu'y'a des vaccins dans les ballesOrelsan
59%
A mon pire ennemi, mourir dans un accident Avec sa famille, j'lui souhaite de oufFreeze Corleone
57%
Entrer dans ce monde plat nous dessert ; j'plane, est-ce le désir ? J'ai peur que d'moi car le sage n'est pas d'ceux qui craint le sabreNekfeu
55%
Le goût du chiffre, le goût du risque Qu'est-ce qu'on aurait pas donné ? Pour le gang, pour son respect Lequel on aurait pardonné ?SCH
55%
Voiture allemande comme Hitler, je sens qu'j'vais faire fureur Fin du dépôt, du mitard, les secondes sont des heuresMaes
47%
On coupait la moitié de la moitié (de la moitié) Moi qui croyait que la hess m'avait maudit sale (maudit sale) Mais à vrai dire, notre amitié (notre amitié) Elle vaut rien de plus que de l'argent saleKoba la d
45%
Intense étranglement quand j'reviens dans la Matrice Quand j'sors mon micro, y'a toujours une amatriceVald
36%
Touche pas l'p'tit frérot, on va s'en mêler À vos calculettes, j'vais sortir ma kala'Sofiane
30%

Distribution des résultats

Percentile par nombre de réponses

% des personnes avec chaque résultat

Votre développement - résultats

Vous n’avez pas pris ce quiz